| 000 | 00749nam a2200241 a 4500 | ||
|---|---|---|---|
| 001 | BRL_625 | ||
| 005 | 20190320210827.0 | ||
| 008 | 110913s1982----mx-a######---#000-0#spa-# | ||
| 041 | _aspa | ||
| 044 | _amx | ||
| 050 | 4 |
_aHD9014.M62 _b.P76 1982 |
|
| 245 | 1 | 0 |
_aPrograma CONASUPO - COPLAMAR de Abasto a Grupos Marginados _bManual del Supervisor Operativo |
| 260 |
_a[México _bConasupo : Coplamar] _c1982 |
||
| 300 |
_a244 p. _bil. _c21 cm. |
||
| 500 | _aIncluye dedicatoria para Ruth Lechuga | ||
| 500 | _aAu699 | ||
| 650 | 1 | 4 |
_aAbastecimiento de alimentos _xPolítica gubernamental _zMéxico _924461 |
| 650 | 1 | 4 |
_aMarginación social _zMéxico _924462 |
| 700 | 1 |
_aCONASUPO _924463 |
|
| 700 | 1 |
_aCOPLAMAR _924464 |
|
| 902 | _aGRL | ||
| 942 |
_2lcc _cB |
||
| 999 |
_c9437 _d9437 |
||